[Event "RLPF-chB"]
[Site "Polch"]
[Date "1990.??.??"]
[Round "?"]
[White "Puth, Dieter"]
[Black "Schmitt, KP."]
[Result "1/2-1/2"]
[WhiteElo "2020"]
[BlackElo "1850"]
[PlyCount "46"]
[EventDate "1990.??.??"]
[EventType "tourn"]
[EventRounds "11"]
[EventCountry "GER"]
[SourceTitle "EXT 2000"]
[Source "ChessBase"]
[SourceDate "1999.11.16"]
[SourceVersion "1"]
[SourceVersionDate "1999.11.16"]
[SourceQuality "1"]

1. d4 Nf6 2. c4 g6 3. Nc3 d5 4. cxd5 Nxd5 5. e4 Nxc3 6. bxc3 Bg7 7. Bc4 c5 8. Ne2 Nc6 9. Be3 0-0 10. 0-0 cxd4 11. cxd4 Bg4 12. f3 Na5 13. Bxf7+ Rxf7 14. fxg4 Rxf1+ 15. Kxf1 Qd7 16. h3 Qe6 17. e5 Nc4 18. Bf2 Bh6 19. Kg1 Rf8 20. Qb3 Qf7 21. Qg3 Nd2 22. Nc3 Bf4 23. Qd3 Bh2+ 1/2-1/2